[Event "Winnipeg TNT 2020.01"]
[Site "Winnipeg CAN"]
[Date "2020.01.07"]
[Round "1.3"]
[White "Abioye, Yemi"]
[Black "Ott, Richard"]
[Result "1-0"]
[WhiteElo "2046"]
[BlackElo "1497"]
[PlyCount "133"]
[EventDate "2020.01.07"]
[EventType "swiss"]
[EventRounds "4"]
[EventCountry "CAN"]

1. e4 d5 2. exd5 Qxd5 3. Nc3 Qd6 4. Nf3 Nf6 5. Bc4 a6 6. h3 e5 7. Ng5 Be6 8.
Nxe6 fxe6 9. O-O Nc6 10. d3 Nd4 11. Re1 O-O-O 12. Be3 Nd5 13. Ne4 Qc6 14. Ng5
Nf5 15. Nf7 Ndxe3 16. fxe3 Bc5 17. Nxd8 Rxd8 18. Kh2 Nxe3 19. Qe2 Qd6 20. Kh1
e4 21. dxe4 Qe5 22. Rg1 Nxc4 23. Qxc4 Rd4 24. Qc3 Bd6 25. g3 Qxe4+ 26. Kh2 Bb4
27. Rae1 Qd5 28. Qe3 Bxe1 29. Rxe1 Kd7 30. Re2 Rd1 31. g4 Qh1+ 32. Kg3 Qd5 33.
b3 g5 34. h4 gxh4+ 35. Kxh4 Qh1+ 36. Kg5 Rd5+ 37. Kf4 Qh6+ 38. Kg3 Qxe3+ 39.
Rxe3 h6 40. Re2 Kd6 41. Rh2 Re5 42. Rxh6 Re3+ 43. Kf4 Rc3 44. Rh2 Ke7 45. g5
Kf7 46. Kg4 Kg7 47. Kh5 a5 48. Re2 Rc6 49. c4 b6 50. Re5 Rd6 51. c5 Rc6 52. Re4
bxc5 53. Rc4 e5 54. Rc2 e4 55. Rc4 e3 56. Re4 c4 57. bxc4 Rc5 58. Rxe3 Rxc4 59.
Re7+ Kg8 60. g6 Rc2 61. a4 Rh2+ 62. Kg5 Rg2+ 63. Kf5 Rf2+ 64. Kg4 c5 65. Rc7
Rg2+ 66. Kf3 c4 67. Kxg2 1-0

[Event "Winnipeg TNT 2020.01"]
[Site "Winnipeg CAN"]
[Date "2020.01.07"]
[Round "1.4"]
[White "Gannon, Keith"]
[Black "Bince, Rolando"]
[Result "0-1"]
[WhiteElo "1491"]
[BlackElo "1920"]
[PlyCount "88"]
[EventDate "2020.01.07"]
[EventType "swiss"]
[EventRounds "4"]
[EventCountry "CAN"]

1. d4 c5 2. e3 Nf6 3. Nf3 b6 4. c4 d6 5. Nc3 Nc6 6. Be2 g6 7. O-O Bg7 8. Re1
O-O 9. a3 Bb7 10. dxc5 bxc5 11. Bd2 Nd7 12. Qc2 Nb6 13. Rac1 Rc8 14. Red1 a6
15. h3 Qc7 16. Nd5 Nxd5 17. cxd5 Nb8 18. e4 Nd7 19. b4 Qd8 20. Bc4 cxb4 21.
axb4 h6 22. Qb3 Kh7 23. Bc3 Bxc3 24. Rxc3 Nb6 25. Rdc1 Qd7 26. Bd3 Rxc3 27.
Rxc3 Rc8 28. Rxc8 Qxc8 29. Qc2 Qd7 30. Nd4 Kg7 31. b5 a5 32. Nc6 a4 33. Qb2+ f6
34. Qa3 Bxc6 35. bxc6 Qa7 36. Bb5 Qa5 37. Bf1 Qc5 38. Qxc5 dxc5 39. Bd3 Kf7 40.
Bc2 a3 41. Bb1 c4 42. Kf1 c3 43. Ke2 c2 44. Bxc2 a2 0-1

[Event "Winnipeg TNT 2020.01"]
[Site "Winnipeg CAN"]
[Date "2020.01.07"]
[Round "1.5"]
[White "Rutter, Blair"]
[Black "Gregoryanz, Philipp"]
[Result "1-0"]
[WhiteElo "1915"]
[BlackElo "1487"]
[PlyCount "25"]
[EventDate "2020.01.07"]
[EventType "swiss"]
[EventRounds "4"]
[EventCountry "CAN"]

1. c4 e5 2. g3 Nf6 3. Bg2 d5 4. d3 Bb4+ 5. Nd2 Bc5 6. Nb3 Bxf2+ 7. Kxf2 Ng4+ 8.
Ke1 Qf6 9. Nh3 dxc4 10. Bg5 Qb6 11. dxc4 Qb4+ 12. Qd2 Qxc4 13. Qd8# 1-0

[Event "Winnipeg TNT 2020.01"]
[Site "Winnipeg CAN"]
[Date "2020.01.07"]
[Round "1.6"]
[White "Trueman, Francis"]
[Black "Green, Jim"]
[Result "0-1"]
[WhiteElo "1431"]
[BlackElo "1836"]
[PlyCount "36"]
[EventDate "2020.01.07"]
[EventType "swiss"]
[EventRounds "4"]
[EventCountry "CAN"]

1. e4 e5 2. d3 Bc5 3. Nf3 d6 4. g3 Nc6 5. c3 Nf6 6. h3 h6 7. Qe2 Be6 8. Be3
Bxe3 9. Qxe3 O-O 10. Na3 Qc8 11. g4 Nh7 12. Nc2 d5 13. exd5 Bxd5 14. Rg1 e4 15.
Nh4 exd3 16. Qxd3 Be4 17. Qe2 Qd8 18. Rd1 Qxh4 0-1

[Event "Winnipeg TNT 2020.01"]
[Site "Winnipeg CAN"]
[Date "2020.01.07"]
[Round "1.7"]
[White "Letain, Cory"]
[Black "Tiqui, Wilfredo"]
[Result "1-0"]
[WhiteElo "1830"]
[BlackElo "1362"]
[PlyCount "57"]
[EventDate "2020.01.07"]
[EventType "swiss"]
[EventRounds "4"]
[EventCountry "CAN"]

1. e4 e5 2. Nf3 Nc6 3. Bb5 Bc5 4. c3 a6 5. Ba4 Nf6 6. d4 exd4 7. cxd4 Bb4+ 8.
Bd2 Nxe4 9. Qe2 O-O 10. Qxe4 Re8 11. Ne5 d6 12. Bxb4 dxe5 13. Bxc6 bxc6 14.
dxe5 Rb8 15. O-O Bb7 16. Bc3 Qg5 17. f4 Qg4 18. h3 Qd7 19. f5 c5 20. Qg4 Kh8
21. Na3 Qc6 22. Nc4 Qh6 23. Bd2 Qc6 24. Na5 Qd5 25. Bc3 Rxe5 26. Bxe5 Qxe5 27.
Nxb7 Qe3+ 28. Kh1 Rxb7 29. Rae1 1-0

[Event "Winnipeg TNT 2020.01"]
[Site "Winnipeg CAN"]
[Date "2020.01.07"]
[Round "1.8"]
[White "Odeyemi, Emmanuel"]
[Black "Annakkage, Udaya"]
[Result "0-1"]
[WhiteElo "1347"]
[BlackElo "1791"]
[PlyCount "98"]
[EventDate "2020.01.07"]
[EventType "swiss"]
[EventRounds "4"]
[EventCountry "CAN"]

1. c4 e5 2. g3 Nc6 3. Bg2 Nf6 4. Nc3 Be7 5. d3 O-O 6. Nf3 h6 7. O-O Re8 8. a3
a5 9. e4 Bc5 10. Nh4 d6 11. Be3 Nd4 12. h3 c6 13. Nf3 Bd7 14. Ne2 Nxf3+ 15.
Bxf3 Bxe3 16. fxe3 Bxh3 17. Bg2 Bxg2 18. Kxg2 Ng4 19. Rf3 Qg5 20. Qg1 Rf8 21.
Raf1 b5 22. Rc1 f5 23. Nc3 b4 24. axb4 axb4 25. Nd1 f4 26. exf4 exf4 27. Rc2
Ra1 28. Rd2 Ne3+ 29. Kf2 fxg3+ 30. Qxg3 Nxd1+ 31. Rxd1 Qxg3+ 32. Kxg3 Rxf3+ 33.
Kxf3 Rxd1 34. Ke2 Rb1 35. b3 Rxb3 36. Kd2 h5 37. Kc2 Rc3+ 38. Kd2 Kf7 39. Ke3
Kf6 40. Kd4 g5 41. e5+ dxe5+ 42. Kc5 b3 43. Kb4 Rxd3 44. Ka3 c5 45. Kb2 e4 46.
Kb1 Ke5 47. Kb2 Kd4 48. Kb1 Kc3 49. Kc1 g4 0-1

[Event "Winnipeg TNT 2020.01"]
[Site "Winnipeg CAN"]
[Date "2020.01.14"]
[Round "2.1"]
[White "Abioye, Yemi"]
[Black "Baron, Gustav"]
[Result "1-0"]
[WhiteElo "2046"]
[BlackElo "2138"]
[PlyCount "93"]
[EventDate "2020.01.07"]
[EventType "swiss"]
[EventRounds "4"]
[EventCountry "CAN"]

1. e4 e5 2. Nf3 Nc6 3. Bc4 Nf6 4. d3 Bc5 5. O-O O-O 6. Be3 Bxe3 7. fxe3 d5 8.
exd5 Nxd5 9. Bxd5 Qxd5 10. e4 Qd6 11. Nc3 Bg4 12. Ne2 Rad8 13. h3 Bh5 14. g4
Bg6 15. Ng3 Nd4 16. Kh2 Ne6 17. Nh4 Nf4 18. Qf3 f6 19. b3 Rd7 20. Ngf5 Qa6 21.
Ng2 Ne6 22. Nge3 c6 23. h4 h6 24. h5 Bh7 25. Nh4 Rfd8 26. Nef5 Nf4 27. Ng2 Rxd3
28. cxd3 Bxf5 29. gxf5 Rxd3 30. Ne3 Qb6 31. Rae1 Qa5 32. Rd1 Qxa2+ 33. Rf2 Qxb3
34. Rxd3 Qxd3 35. Ng2 Qxf3 36. Rxf3 Nxh5 37. Ra3 a6 38. Rb3 b5 39. Rc3 b4 40.
Rxc6 a5 41. Ra6 g6 42. fxg6 Kg7 43. Nh4 Nf4 44. Rxa5 h5 45. Ra7+ Kg8 46. Rb7
Ne6 47. Nf5 1-0

[Event "Winnipeg TNT 2020.01"]
[Site "Winnipeg CAN"]
[Date "2020.01.14"]
[Round "2.2"]
[White "Babb, Jeff"]
[Black "Rutter, Blair"]
[Result "1-0"]
[WhiteElo "2112"]
[BlackElo "1915"]
[PlyCount "71"]
[EventDate "2020.01.07"]
[EventType "swiss"]
[EventRounds "4"]
[EventCountry "CAN"]

1. f4 d5 2. e3 c5 3. Nf3 Nc6 4. Bb5 Nf6 5. Ne5 Qb6 6. Bxc6+ bxc6 7. O-O e6 8.
b3 Ba6 9. c4 Rd8 10. Qf3 dxc4 11. bxc4 Be7 12. Qxc6+ Nd7 13. Na3 f6 14. Rb1
Qxc6 15. Nxc6 Ra8 16. Nb5 Bxb5 17. cxb5 Bd6 18. Ba3 Kf7 19. Rfc1 Rhc8 20. Na5
Rab8 21. d4 Rc7 22. Nc6 Rbc8 23. Bxc5 Bxc5 24. dxc5 e5 25. a4 Ke6 26. Rb2 g6
27. Rd2 Re8 28. fxe5 fxe5 29. e4 Kf7 30. Rd6 Kg7 31. Rd5 Nf6 32. Rxe5 Rxe5 33.
Nxe5 Nxe4 34. c6 Kf6 35. Nd7+ Ke7 36. Re1 1-0

[Event "Winnipeg TNT 2020.01"]
[Site "Winnipeg CAN"]
[Date "2020.01.14"]
[Round "2.3"]
[White "Melnyk, Jim"]
[Black "Konara, Harshani"]
[Result "0-1"]
[WhiteElo "1617"]
[BlackElo "1962"]
[PlyCount "202"]
[EventDate "2020.01.07"]
[EventType "swiss"]
[EventRounds "4"]
[EventCountry "CAN"]

1. e4 d5 2. exd5 Qxd5 3. d4 c6 4. Nf3 Nf6 5. Be2 Bf5 6. O-O e6 7. c4 Qd8 8. b3
Bd6 9. Nc3 O-O 10. Bg5 h6 11. Bc1 Nbd7 12. Bb2 Ne4 13. Bd3 Nxc3 14. Bxc3 Bxd3
15. Qxd3 Nf6 16. Rad1 Qe7 17. Rfe1 Rfe8 18. Qe2 Bb4 19. Qd2 Bxc3 20. Qxc3 Qc7
21. Ne5 Qd6 22. Rd3 Rac8 23. a4 Nd7 24. Nf3 Qf4 25. Rde3 Nf6 26. h3 b5 27. axb5
cxb5 28. Qa5 bxc4 29. bxc4 Qb8 30. c5 Qb7 31. Ra3 Ra8 32. Rc1 Qb2 33. Rac3 Rec8
34. Ne5 Nd5 35. R3c2 Qxd4 36. Nd7 Nb4 37. Rc4 Qxd7 38. Qxb4 Qc6 39. Qa5 Rd8 40.
Rb1 Rd5 41. Ra1 Rd7 42. Qa6 Rc7 43. Ra5 Qxa6 44. Rxa6 Kf8 45. Kf1 Rac8 46. c6
Ke7 47. Ke2 Kd6 48. Ke3 Rxc6 49. Rcxc6+ Rxc6 50. Rxa7 Rc7 51. Ra8 f6 52. Rd8+
Rd7 53. Ra8 e5 54. Ke4 Ke6 55. Re8+ Kf7 56. Ra8 Rd4+ 57. Ke3 Kg6 58. Ra7 Rb4
59. Rd7 Rb6 60. Ke4 Rb4+ 61. Ke3 f5 62. Rd6+ Kf7 63. Rd7+ Kf6 64. Rd6+ Ke7 65.
Rc6 Rb7 66. Rg6 Kf7 67. Rd6 Re7 68. Ra6 Re6 69. Ra7+ Kf6 70. Ra8 g5 71. Rf8+
Kg6 72. Rg8+ Kf7 73. Rd8 e4 74. Rd7+ Kf6 75. Rh7 Ke5 76. g3 f4+ 77. gxf4+ gxf4+
78. Ke2 Kd4 79. Rd7+ Ke5 80. Rh7 Kf6 81. Rxh6+ Kf5 82. Rh4 Rg6 83. Rh5+ Rg5 84.
Rh6 Rg6 85. Rh4 Rg2 86. Rh8 e3 87. Rf8+ Ke5 88. Kf3 Rxf2+ 89. Kg4 e2 90. Re8+
Kd4 91. h4 Kd3 92. Rd8+ Ke3 93. Re8+ Kd2 94. Rd8+ Ke1 95. Re8 Kf1 96. h5 e1=Q
97. Rf8 Qe2+ 98. Kg5 Rg2+ 99. Kh6 Qg4 100. Rf7 Qg5+ 101. Kh7 Qxh5# 0-1

[Event "Winnipeg TNT 2020.01"]
[Site "Winnipeg CAN"]
[Date "2020.01.14"]
[Round "2.4"]
[White "Allan, Gregory"]
[Black "Orogun, Ibukun"]
[Result "0-1"]
[WhiteElo "1657"]
[BlackElo "1872"]
[PlyCount "68"]
[EventDate "2020.01.07"]
[EventType "swiss"]
[EventRounds "4"]
[EventCountry "CAN"]

1. e4 e6 2. d4 d5 3. e5 c5 4. Nf3 h6 5. Nc3 Nc6 6. Be3 cxd4 7. Bxd4 Nge7 8. Bb5
Bd7 9. O-O Nf5 10. Re1 Bb4 11. a3 Ba5 12. Bf1 O-O 13. b4 Nfxd4 14. Nxd4 Bb6 15.
Ndb5 Qg5 16. g3 Nxe5 17. Na4 Ng4 18. Nxb6 axb6 19. Nd4 h5 20. Nf3 Qf6 21. Be2
Rac8 22. Qd2 Rc3 23. Kg2 Rfc8 24. Bd3 e5 25. h3 e4 26. Rxe4 dxe4 27. Bxe4 Bc6
28. Bxc6 R8xc6 29. Ne1 Ne5 30. Qe2 g6 31. Rc1 Re6 32. Qf1 Qf5 33. a4 Qe4+ 34.
f3 Qe3 0-1

[Event "Winnipeg TNT 2020.01"]
[Site "Winnipeg CAN"]
[Date "2020.01.14"]
[Round "2.5"]
[White "Einarsson, Ken"]
[Black "Reimer, Bruce"]
[Result "0-1"]
[WhiteElo "1788"]
[BlackElo "1498"]
[PlyCount "29"]
[EventDate "2020.01.07"]
[EventType "swiss"]
[EventRounds "4"]
[EventCountry "CAN"]

1. d4 g6 2. c4 d6 3. Nc3 Bg7 4. e4 e5 5. d5 Ne7 6. Bg5 h6 7. Bh4 c6 8. Nf3 Bg4
9. h3 Bd7 10. Qb3 Qc7 11. Bxe7 Kxe7 12. Be2 Na6 13. O-O Nc5 14. Qc2 cxd5 15.
Nxd5+ 0-1

[Event "Winnipeg TNT 2020.01"]
[Site "Winnipeg CAN"]
[Date "2020.01.14"]
[Round "2.6"]
[White "Piche, Zachary"]
[Black "Odeyemi, Emmanuel"]
[Result "1-0"]
[WhiteElo "1540"]
[BlackElo "1347"]
[PlyCount "95"]
[EventDate "2020.01.07"]
[EventType "swiss"]
[EventRounds "4"]
[EventCountry "CAN"]

1. Nf3 c5 2. c4 d6 3. Nc3 Nf6 4. g3 e6 5. Bg2 Be7 6. O-O O-O 7. e3 d5 8. cxd5
exd5 9. d4 Nc6 10. a3 a6 11. dxc5 Bxc5 12. b4 Be7 13. Bb2 Be6 14. Nd4 Nxd4 15.
Qxd4 Rb8 16. Rfd1 Ne8 17. Nxd5 Bxd5 18. Qxd5 Qb6 19. Bd4 Qg6 20. Be5 Rd8 21.
Qxb7 Rxd1+ 22. Rxd1 Bf6 23. Bxf6 Qxf6 24. Qd5 Nc7 25. Qd6 Qc3 26. Be4 Nb5 27.
Bxh7+ Kxh7 28. Qxf8 Qb3 29. Qd8 g6 30. Qh4+ Kg7 31. Rd8 Qb1+ 32. Kg2 g5 33.
Qh8+ Kg6 34. Rg8+ Kf5 35. Qh7+ Kf6 36. Qxb1 Nxa3 37. Qb2+ Kf5 38. Qxa3 f6 39.
Qa5+ Kg4 40. h3+ Kh5 41. h4 Kg4 42. f3+ Kh5 43. hxg5 f5 44. g4+ fxg4 45. Rh8+
Kg6 46. fxg4 Kg7 47. Qe5+ Kg6 48. Qf6# 1-0

[Event "Winnipeg TNT 2020.01"]
[Site "Winnipeg CAN"]
[Date "2020.01.14"]
[Round "2.7"]
[White "Gregoryanz, Philipp"]
[Black "Ford, Stephen"]
[Result "1-0"]
[WhiteElo "1487"]
[BlackElo "1521"]
[PlyCount "99"]
[EventDate "2020.01.07"]
[EventType "swiss"]
[EventRounds "4"]
[EventCountry "CAN"]

1. e4 c5 2. Nf3 Nc6 3. d4 cxd4 4. Nxd4 e6 5. Nxc6 bxc6 6. Bd3 Be7 7. Nc3 Qc7 8.
Be3 Nf6 9. Qf3 Bb7 10. Bf4 e5 11. Bg3 Bb4 12. Bc4 O-O 13. O-O Bxc3 14. bxc3
Rad8 15. Bh4 d5 16. Bd3 dxe4 17. Bxe4 Rd6 18. Rad1 Rfd8 19. Rxd6 Rxd6 20. Re1
Nxe4 21. Qxe4 Re6 22. Bg3 c5 23. Bxe5 Bxe4 24. Bxc7 Bxc2 25. Rxe6 fxe6 26. Bd6
c4 27. f4 Kf7 28. Kf2 Kg6 29. Ke3 h5 30. Kd4 Bd3 31. Ke5 Kf7 32. h3 g6 33. g3
Be2 34. Bc7 Ke7 35. a4 Kd7 36. Bb8 a6 37. Ba7 Bd3 38. Kf6 Kd6 39. a5 Kd5 40. g4
hxg4 41. hxg4 Be4 42. Ke7 Bf3 43. g5 e5 44. fxe5 Kxe5 45. Kd7 Kf4 46. Kc7 Kxg5
47. Kb6 Bb7 48. Kxb7 Kf4 49. Kxa6 g5 50. Kb5 1-0

[Event "Winnipeg TNT 2020.01"]
[Site "Winnipeg CAN"]
[Date "2020.01.22"]
[Round "3.1"]
[White "Konara, Harshani"]
[Black "Babb, Jeff"]
[Result "0-1"]
[WhiteElo "1962"]
[BlackElo "2112"]
[PlyCount "136"]
[EventDate "2020.01.07"]
[EventType "swiss"]
[EventRounds "4"]
[EventCountry "CAN"]

1. c4 Nf6 2. Nc3 c5 3. g3 Nc6 4. Bg2 g6 5. d3 Bg7 6. e3 d6 7. Nge2 h5 8. h3 Bd7
9. a3 a6 10. Rb1 Rb8 11. b4 cxb4 12. axb4 b5 13. cxb5 axb5 14. d4 Qc8 15. Bd2
O-O 16. h4 e5 17. dxe5 dxe5 18. O-O Bh3 19. Qc2 Bxg2 20. Kxg2 Qb7 21. Kg1 Rfd8
22. Rfd1 Rbc8 23. Be1 Rxd1 24. Qxd1 Rd8 25. Qc2 Bf8 26. Ne4 Nxe4 27. Qxe4 f5
28. Qc2 Qd7 29. Qb3+ Qf7 30. Qc2 Qd5 31. Qb2 Ra8 32. Qc2 Ra3 33. Rb2 Ra1 34.
Rb1 Rxb1 35. Qxb1 Qc4 36. Nc1 Bxb4 37. Bxb4 Qxb4 38. Qa1 Qe1+ 39. Kg2 Kg7 40.
Qb2 Qb4 41. Qe2 Qc4 42. Qd2 Ne7 43. Ne2 Qd5+ 44. Qxd5 Nxd5 45. Kf1 Kf6 46. Ke1
Ke6 47. Kd2 Kd6 48. Kc2 Kc5 49. Kb3 Nf6 50. Nc1 e4 51. Ne2 Ng4 52. Nf4 Nxf2 53.
Nxg6 Nh1 54. Nf4 Nxg3 55. Ne6+ Kd5 56. Nf4+ Kc5 57. Ne6+ Kd6 58. Nf4 Nf1 59.
Ng2 Ke5 60. Kb4 Nxe3 61. Nxe3 f4 62. Nc2 f3 63. Ne3 f2 64. Kc3 Kf4 65. Kd2 Kf3
66. Nf1 b4 67. Kd1 e3 68. Nh2+ Kg2 0-1

[Event "Winnipeg TNT 2020.01"]
[Site "Winnipeg CAN"]
[Date "2020.01.22"]
[Round "3.2"]
[White "Bince, Rolando"]
[Black "Letain, Cory"]
[Result "1-0"]
[WhiteElo "1920"]
[BlackElo "1830"]
[PlyCount "131"]
[EventDate "2020.01.07"]
[EventType "swiss"]
[EventRounds "4"]
[EventCountry "CAN"]

1. e4 e5 2. Bc4 Nf6 3. d3 Nc6 4. c3 h6 5. h3 d5 6. exd5 Nxd5 7. Nf3 Be6 8. O-O
Qd7 9. Re1 Bd6 10. Bb5 f6 11. d4 Bxh3 12. gxh3 Qxh3 13. Bf1 Qg4+ 14. Bg2 O-O-O
15. Nh2 Qh4 16. Qg4+ Qxg4 17. Nxg4 Nf4 18. Bxf4 exf4 19. Nd2 h5 20. Nh2 g5 21.
Bxc6 bxc6 22. Ne4 Be7 23. b4 g4 24. Nd2 Bd6 25. Nc4 h4 26. Re4 g3 27. Nxd6+
cxd6 28. Rxf4 gxh2+ 29. Kxh2 Rde8 30. Rg1 Re2 31. a4 Rc2 32. Rf3 Re8 33. Kh3
Ree2 34. Rg2 Ra2 35. a5 Ra3 36. Kxh4 Rc2 37. Rgg3 Raa2 38. Rxf6 Rxf2 39. Rxd6
Kc7 40. Rdg6 Rh2+ 41. Rh3 Rac2 42. Rgg3 Kd6 43. Rg6+ Kd5 44. Rg5+ Kd6 45. Rxh2
Rxh2+ 46. Kg3 Rc2 47. Rc5 Re2 48. Kf3 Re8 49. b5 cxb5 50. Rxb5 Kc6 51. c4 Kd6
52. Rh5 Kc6 53. Rh6+ Kb7 54. c5 Kc7 55. d5 Re5 56. Rd6 Re8 57. Kf4 Re2 58. Re6
Ra2 59. Re7+ Kb8 60. Ke5 Rxa5 61. Kd6 Rb5 62. Re8+ Kb7 63. c6+ Ka6 64. c7 Rb6+
65. Kd7 Rb7 66. Rb8 1-0

[Event "Winnipeg TNT 2020.01"]
[Site "Winnipeg CAN"]
[Date "2020.01.21"]
[Round "3.3"]
[White "Orogun, Ibukun"]
[Black "Annakkage, Udaya"]
[Result "1/2-1/2"]
[WhiteElo "1872"]
[BlackElo "1791"]
[PlyCount "91"]
[EventDate "2020.01.07"]
[EventType "swiss"]
[EventRounds "4"]
[EventCountry "CAN"]

1. e4 Nf6 2. Nc3 d5 3. exd5 Nxd5 4. Ne4 e5 5. Nf3 Bg4 6. Be2 Nf4 7. O-O Nxe2+
8. Qxe2 Nc6 9. Qe3 Be7 10. h3 Bf5 11. d3 f6 12. Ng3 Be6 13. c3 O-O 14. d4 Bc4
15. Re1 exd4 16. Nxd4 Nxd4 17. cxd4 Re8 18. b3 Bf7 19. Qc3 a5 20. Bf4 c6 21.
Nf5 Bb4 22. Rxe8+ Bxe8 23. Qg3 Bg6 24. Nd6 Qd7 25. Rd1 Rd8 26. Nc4 Bc2 27. Rc1
Bg6 28. Be3 Qe7 29. Qf3 Be4 30. Qf4 Bg6 31. Kh1 b5 32. Nd2 Qd6 33. Qxd6 Rxd6
34. Nf3 Be4 35. Ng1 Kf7 36. Ne2 Ba3 37. Re1 Bb2 38. Ng3 Bg6 39. Rd1 c5 40. d5
c4 41. Bc5 Rd7 42. bxc4 bxc4 43. Ne2 c3 44. Be3 Bc2 45. Re1 Rxd5 46. Bd4
1/2-1/2

[Event "Winnipeg TNT 2020.01"]
[Site "Winnipeg CAN"]
[Date "2020.01.22"]
[Round "3.4"]
[White "Green, Jim"]
[Black "Einarsson, Ken"]
[Result "1-0"]
[WhiteElo "1836"]
[BlackElo "1788"]
[PlyCount "107"]
[EventDate "2020.01.07"]
[EventType "swiss"]
[EventRounds "4"]
[EventCountry "CAN"]

1. e4 c6 2. d4 d5 3. e5 Bf5 4. Nc3 e6 5. g4 Bg6 6. Nge2 h6 7. h4 Bb4 8. Nf4 Be4
9. f3 Bh7 10. Bd3 Be7 11. Ng2 Bxd3 12. Qxd3 Nd7 13. f4 c5 14. Be3 cxd4 15. Bxd4
a6 16. f5 Nc5 17. Bxc5 Bxc5 18. fxe6 Qe7 19. exf7+ Qxf7 20. Rf1 Qe6 21. Qxd5
Qxd5 22. Nxd5 O-O-O 23. O-O-O Ne7 24. Nxe7+ Bxe7 25. Rf7 Rxd1+ 26. Kxd1 Rd8+
27. Ke2 Re8 28. Kf3 g5 29. h5 Kd7 30. Ne1 Ke6 31. Rf5 Rf8 32. Ke4 Rd8 33. Nd3
Rc8 34. Rf2 Rc4+ 35. Kf3 Bc5 36. Nxc5+ Rxc5 37. Re2 Rxe5 38. Rxe5+ Kxe5 39. Ke3
b5 40. c3 a5 41. b3 Kd5 42. Kd3 Ke5 43. c4 bxc4+ 44. bxc4 Kd6 45. Kd4 a4 46. a3
Kc6 47. c5 Kc7 48. Ke5 Kc6 49. Kf6 Kxc5 50. Kg6 Kc4 51. Kxh6 Kb3 52. Kxg5 Kxa3
53. h6 Kb3 54. h7 1-0

[Event "Winnipeg TNT 2020.01"]
[Site "Winnipeg CAN"]
[Date "2020.01.21"]
[Round "3.5"]
[White "Baron, Gustav"]
[Black "Furda, Ievgeniia-Diana"]
[Result "1-0"]
[WhiteElo "2138"]
[BlackElo "1630"]
[PlyCount "49"]
[EventDate "2020.01.07"]
[EventType "swiss"]
[EventRounds "4"]
[EventCountry "CAN"]

1. e4 e5 2. f4 d5 3. exd5 exf4 4. Nf3 Nf6 5. Bb5+ c6 6. Qe2+ Be7 7. dxc6 bxc6
8. Bc4 O-O 9. O-O Bc5+ 10. Kh1 Ng4 11. d4 Bxd4 12. Nxd4 Qxd4 13. Rxf4 Qe5 14.
Rxg4 Qxe2 15. Bxe2 Bxg4 16. Bxg4 Re8 17. Bd2 f6 18. Nc3 Kf7 19. Bf4 Rd8 20. Bf3
Nd7 21. Bxc6 Rac8 22. Bb7 Rc5 23. Rd1 Rf5 24. Bc7 Re8 25. Rxd7+ 1-0

[Event "Winnipeg TNT 2020.01"]
[Site "Winnipeg CAN"]
[Date "2020.01.21"]
[Round "3.8"]
[White "Gregoryanz, Philipp"]
[Black "Allan, Gregory"]
[Result "0-1"]
[WhiteElo "1487"]
[BlackElo "1657"]
[PlyCount "84"]
[EventDate "2020.01.07"]
[EventType "swiss"]
[EventRounds "4"]
[EventCountry "CAN"]

1. e4 c6 2. d4 d5 3. Nc3 dxe4 4. Nxe4 Nf6 5. Nxf6+ gxf6 6. Be3 Bg7 7. Qf3 Qa5+
8. Bd2 Qd5 9. Qxd5 cxd5 10. Bb5+ Nc6 11. O-O-O Bd7 12. Ne2 a6 13. Ba4 O-O 14.
Rhe1 Rac8 15. Bxc6 Rxc6 16. Bb4 Rfc8 17. Nc3 e6 18. h4 b6 19. a4 Rc4 20. Ba3 f5
21. Rd3 Bxd4 22. f3 Bxc3 23. bxc3 Bxa4 24. Kb2 a5 25. Bd6 b5 26. g4 fxg4 27.
fxg4 Rxg4 28. Rd4 h5 29. Re5 Rxd4 30. Rg5+ Kh7 31. Rxh5+ Kg6 32. Rg5+ Kh6 33.
cxd4 Bxc2 34. Bf4 Kh7 35. h5 Bf5 36. h6 Rg8 37. Rh5 f6 38. Rh1 Rg4 39. Be3 a4
40. Rc1 Rg2+ 41. Ka3 Rc2 42. Rg1 Rc3+ 0-1

[Event "Winnipeg TNT 2020.01"]
[Site "Winnipeg CAN"]
[Date "2020.01.21"]
[Round "3.9"]
[White "Ford, Stephen"]
[Black "Gannon, Keith"]
[Result "1-0"]
[WhiteElo "1521"]
[BlackElo "1491"]
[PlyCount "107"]
[EventDate "2020.01.07"]
[EventType "swiss"]
[EventRounds "4"]
[EventCountry "CAN"]

1. e4 Nc6 2. d4 e6 3. Nf3 d5 4. exd5 exd5 5. Be2 Be7 6. O-O Nf6 7. Re1 O-O 8.
c3 Re8 9. Bd3 Be6 10. h3 Qd7 11. Ng5 Bf5 12. Bxf5 Qxf5 13. Be3 h6 14. Nf3 Ne4
15. Nbd2 Nxd2 16. Qxd2 Bf6 17. Bf4 Rxe1+ 18. Rxe1 Rc8 19. Be5 Nxe5 20. Nxe5 Re8
21. Nf3 Rxe1+ 22. Qxe1 Qd7 23. Qe2 c6 24. Kf1 a6 25. Ne5 Bxe5 26. Qxe5 Qc8 27.
Ke2 f6 28. Qf4 Kh7 29. g4 Qe6+ 30. Qe3 Qxe3+ 31. Kxe3 Kg6 32. f4 f5 33. Kf3 Kf6
34. h4 Kg6 35. a4 fxg4+ 36. Kxg4 h5+ 37. Kf3 Kf5 38. a5 g6 39. b3 Ke6 40. c4
dxc4 41. bxc4 Kf5 42. d5 cxd5 43. cxd5 Kf6 44. Ke4 Ke7 45. Ke5 Kd7 46. Kf6 Kd6
47. Kxg6 Kxd5 48. f5 Kd6 49. f6 Ke6 50. Kg7 Kf5 51. f7 Kg4 52. f8=Q Kxh4 53.
Kh6 Kg4 54. Qf6 1-0

[Event "Winnipeg TNT 2020.01"]
[Site "Winnipeg CAN"]
[Date "2020.01.28"]
[Round "4.1"]
[White "Babb, Jeff"]
[Black "Abioye, Yemi"]
[Result "1/2-1/2"]
[WhiteElo "2112"]
[BlackElo "2046"]
[PlyCount "61"]
[EventDate "2020.01.07"]
[EventType "swiss"]
[EventRounds "4"]
[EventCountry "CAN"]

1. f4 c6 2. Nf3 d5 3. e3 Nf6 4. b3 g6 5. Bb2 Bg7 6. Be2 b6 7. Ne5 O-O 8. O-O
Qc7 9. Qc1 Ba6 10. Bxa6 Nxa6 11. d3 Rac8 12. Nd2 Nc5 13. Ndf3 Ncd7 14. Nxd7
Nxd7 15. Bxg7 Kxg7 16. Qb2+ f6 17. Ng5 Qd6 18. Rae1 h6 19. Nf3 e5 20. g3 c5 21.
c4 Rce8 22. f5 g5 23. e4 g4 24. Nh4 dxc4 25. dxc4 Qd4+ 26. Rf2 Qxb2 27. Rxb2
Nb8 28. Rd1 Nc6 29. Ng2 Nd4 30. Ne3 h5 31. Kg2 1/2-1/2

[Event "Winnipeg TNT 2020.01"]
[Site "Winnipeg CAN"]
[Date "2020.01.28"]
[Round "4.2"]
[White "Annakkage, Udaya"]
[Black "Baron, Gustav"]
[Result "0-1"]
[WhiteElo "1791"]
[BlackElo "2138"]
[PlyCount "52"]
[EventDate "2020.01.07"]
[EventType "swiss"]
[EventRounds "4"]
[EventCountry "CAN"]

1. e4 c5 2. Nf3 e6 3. c3 d5 4. e5 Bd7 5. d4 Qb6 6. Be2 Bb5 7. O-O Bxe2 8. Qxe2
Nc6 9. Be3 Rc8 10. b3 cxd4 11. cxd4 Nge7 12. Rd1 Nf5 13. Nc3 a6 14. Rac1 Ba3
15. Rc2 Nb4 16. Nxd5 Rxc2 17. Qxc2 Nxd5 18. Qc8+ Qd8 19. Qxb7 O-O 20. Bd2 Qb6
21. Qxb6 Nxb6 22. g4 Ne7 23. Ba5 Nbd5 24. Nd2 Nc6 25. Nc4 Be7 26. Bd2 Nxd4 0-1

[Event "Winnipeg TNT 2020.01"]
[Site "Winnipeg CAN"]
[Date "2020.01.28"]
[Round "4.3"]
[White "Melnyk, Jim"]
[Black "Orogun, Ibukun"]
[Result "1-0"]
[WhiteElo "1617"]
[BlackElo "1872"]
[PlyCount "89"]
[EventDate "2020.01.07"]
[EventType "swiss"]
[EventRounds "4"]
[EventCountry "CAN"]

1. e4 e6 2. d3 d5 3. Nd2 h6 4. g3 Bc5 5. Bg2 Nf6 6. Nb3 Bb6 7. e5 Nh7 8. Nf3 c5
9. c3 Nc6 10. O-O Bd7 11. Re1 O-O 12. h4 f6 13. d4 cxd4 14. cxd4 fxe5 15. Nxe5
Nxe5 16. Rxe5 Rc8 17. Bh3 Rf6 18. Bd2 Nf8 19. h5 Qe8 20. Rc1 Rc4 21. Be1 Ba4
22. Bc3 Qf7 23. Qe1 Bxb3 24. axb3 Rc6 25. Rd1 Nh7 26. f4 Nf8 27. Qe2 a6 28. Kh2
Bc7 29. Re3 b5 30. Bb4 Nh7 31. Rd2 Rxf4 32. Bxe6 Rxe6 33. Rxe6 Nf6 34. Re7 Ng4+
35. Kg1 Qxh5 36. Rxc7 Rf2 37. Qe6+ Kh7 38. Rxf2 Nxf2 39. Kxf2 Qh2+ 40. Kf3 Qh1+
41. Kf4 Qf1+ 42. Ke5 Qe2+ 43. Kxd5 Qh5+ 44. Kc6 Qf3+ 45. d5 1-0

[Event "Winnipeg TNT 2020.01"]
[Site "Winnipeg CAN"]
[Date "2020.01.28"]
[Round "4.4"]
[White "Piche, Zachary"]
[Black "Rutter, Blair"]
[Result "0-1"]
[WhiteElo "1540"]
[BlackElo "1915"]
[PlyCount "72"]
[EventDate "2020.01.07"]
[EventType "swiss"]
[EventRounds "4"]
[EventCountry "CAN"]

1. Nf3 d5 2. c4 e6 3. g3 Nf6 4. Bg2 c6 5. d4 Bd6 6. O-O O-O 7. Nc3 Nbd7 8. a3
Re8 9. Bg5 Be7 10. b4 dxc4 11. Qc2 Nd5 12. Bxe7 Qxe7 13. e4 Nxc3 14. Qxc3 b5
15. a4 a6 16. d5 cxd5 17. exd5 Bb7 18. dxe6 fxe6 19. Rfe1 Qf6 20. Qxf6 Nxf6 21.
Nd4 Bxg2 22. Kxg2 e5 23. Nc6 e4 24. Nd4 Rad8 25. Red1 Rd5 26. axb5 axb5 27. Nc6
Rxd1 28. Rxd1 Kf7 29. Na7 Rb8 30. Rd6 Rb7 31. Nc8 Rc7 32. Nb6 c3 33. Rd1 c2 34.
Rc1 Rc6 35. Na8 Nd5 36. Kf1 Nxb4 0-1